[Event "TUR Cup										"]
[Site "Antalya"]
[Date "2018.01.28"]
[Round "2"]
[White "Adsiz, Melik Baver"]
[Black "Ozturk, Ibrahim Muhammed"]
[Result "1-0"]
[WhiteElo "1626"]
[BlackElo "1029"]
[PlyCount "65"]
[EventDate "2018.01.27"]
[EventType "swiss"]
[EventRounds "11"]
[EventCountry "TUR"]
[SourceTitle "CBM 182 Extra"]
[Source "ChessBase"]
[SourceDate "2018.02.23"]
[SourceVersion "1"]
[SourceVersionDate "2018.02.23"]
[SourceQuality "1"]

1. e4 e5 2. Nf3 Nf6 3. Nc3 Nc6 4. Bb5 a6 5. Bxc6 dxc6 6. h3 Bc5 7. d3 Bd6 8. Bg5 Bd7 9. Nxe5 Bxe5 10. d4 Bd6 11. e5 Bb4 12. exf6 gxf6 13. Qe2+ Be6 14. Be3 Qd7 15. Qf3 0-0-0 16. 0-0-0 Qe7 17. a3 Bd6 18. Rhe1 b5 19. Ne4 Kb7 20. Kb1 Bc4 21. Nxd6+ Qxd6 22. Qf5 Be6 23. Qh5 f5 24. g3 Rb8 25. Bf4 Qd5 26. b3 a5 27. Re5 Qd7 28. Qe2 Qe7 29. d5 cxd5 30. Qxb5+ Kc8 31. Qxa5 f6 32. Rxe6 Qxe6 33. Qxc7# 1-0